Every Song by Lord Huron - Statistics

General Stats
  • This quiz has been taken 115 times
    90 since last reset
  • The average score is 42 of 79
Answer Stats
Album Song % Correct
Strange Trails(2015) The Night We Met
98%
Strange Trails(2015) Meet Me in the Woods
88%
Strange Trails(2015) Love Like Ghosts
83%
Lonesome Dreams(2012) Lonesome Dreams
81%
Lonesome Dreams(2012) Ends of the Earth
79%
Mighty(2010) Mighty
79%
Vide Noir(2018) Vide Noir
79%
Long Lost(2021) Long Lost
78%
Vide Noir(2018) Ancient Names (Part I)
76%
Vide Noir(2018) Ancient Names (Part II)
76%
Strange Trails(2015) Dead Man's Hand
76%
Strange Trails(2015) Frozen Pines
76%
Strange Trails(2015) The Yawning Grave
76%
Strange Trails(2015) Cursed
74%
Vide Noir(2018) Emerald Star
72%
Strange Trails(2015) Louisa
72%
Lonesome Dreams(2012) In the Wind
71%
Strange Trails(2015) Hurricane (Johnnie's Theme)
69%
Into the Sun EP(2010) Into the Sun
69%
Lonesome Dreams(2012) She Lit a Fire
69%
Lonesome Dreams(2012) The Ghost on the Shore
69%
Strange Trails(2015) Way Out There
69%
Strange Trails(2015) The World Ender
67%
Vide Noir(2018) Wait by the River
67%
Strange Trails(2015) Fool for Love
66%
Long Lost(2021) I Lied
66%
Vide Noir(2018) Moonbeam
66%
Long Lost(2021) Time's Blur
66%
Vide Noir(2018) When the Night is Over
66%
Lonesome Dreams(2012) Brother
64%
Lonesome Dreams(2012) Lullaby
64%
Lonesome Dreams(Bonus)(2012) Setting Sun
64%
Vide Noir(2018) Lost in Time and Space
62%
Long Lost(2021) Meet Me in the City
62%
Into the Sun EP(2010) The Problem with Your Daughter
62%
Long Lost(2021) Twenty Long Years
62%
Strange Trails(2015) La Belle Fleur Sauvage
60%
Long Lost(2021) Love Me Like You Used To
60%
Long Lost(2021) Mine Forever
60%
Vide Noir(2018) Never Ever
60%
Long Lost(2021) Not Dead Yet
60%
Vide Noir(2018) The Balancer's Eye
60%
Long Lost(2021) The Moon Doesn't Mind
60%
Mighty(2010) The Stranger
60%
Strange Trails(2015) Until the Night Turns
59%
Mighty(2010) Son of a Gun
57%
Lonesome Dreams(2012) Time to Run
57%
Long Lost(2021) What Do it Mean
57%
Long Lost(2021) At Sea
55%
Long Lost(Bonus)(2021) Your Other Life
53%
Lonesome Dreams(2012) I Will Be Back One Day
52%
Into the Sun EP(2010) We Went Wild
52%
Lonesome Dreams(2012) The Man Who Lives Forever
50%
Vide Noir(2018) Secret of Life
48%
Long Lost(2021) Drops in the Lake
47%
Long Lost(2021) (One Helluva Performer)
45%
Music for the Starling Girl(2023) Ace Up My Sleeve
43%
Vide Noir(2018) Back from the Edge
43%
Long Lost(Bonus)(2021) Ton Autre Vie
40%
Long Lost(2021) (Deep Down Inside Ya)
36%
Mighty(2010) When Will I See You Again
36%
Non-Album(2015) The Birds are Singing at Night
33%
Long Lost(2021) Where Did the Time Go
31%
Long Lost(2021) (Sing for Us Tonight)
29%
Music for the Starling Girl(2023) Jem's Theme
22%
Non-Album(2014) Last Night You Were a Dream
21%
Music for the Starling Girl(2023) Stained Glass
17%
Non-Album(2023) The Comedian
16%
Non-Album(2023) Moon Song
14%
Music for the Starling Girl(2023) Tunnel of Trees
12%
Music for the Starling Girl(2023) Hands to Sky
10%
Music for the Starling Girl(2023) Mysteries
10%
Music for the Starling Girl(2023) Warm Night
10%
Music for the Starling Girl(2023) Evening Ride
9%
Music for the Starling Girl(2023) Fill Me to the Brim
9%
Music for the Starling Girl(2023) Overflowing
9%
Music for the Starling Girl(2023) Summer Air
7%
Music for the Starling Girl(2023) Deadbeats Jam Tape '94
2%
Music for the Starling Girl(2023) Deadbeats Jam Tape '95
2%
No matching quizzes found
Score Distribution
Percent of People with Each Score
Percentile by Number Answered
Your Score History
You have not taken this quiz since the last reset